00976nac a22002291u 4500010001600000020002200016082002100038090001500059100003400074245008100108260008800189300003300277500002000310650003700330650005100367700002700418856008600445856007400531942001800605999001500623952010800638 a 91013055 a0521377099 (pbk.)00a621.38107bH4171 c4991d4991 aHayes, Thomas C. 10aStudent manual for The art of electronics /cThomas C. Hayes, Paul Horowitz. aCambridge [England] ;aNew York, NY, USA :bCambridge University Press,c1989cc1989 aix, 614 p. :bill. ;c26 cm. aIncludes index. 0aElectronicsxLaboratory manuals. 0aElectronic circuit designxLaboratory manuals.1 aHorowitz, Paul,d1942-423Publisher descriptionuhttp://www.loc.gov/catdir/description/cam024/91013055.html423Table of contentsuhttp://www.loc.gov/catdir/toc/cam028/91013055.html cTBk621.38107 c4991d4991 00104070aMAINbMAINc1STd2007-10-04ePurchasel0o621.38107 HAYp000006044r2025-07-15 00:00:00yBB